1492 1804 1267 1404 1979 1530 1788 1770 1848 1230 1220 1986 1811 1635 1976 1294 1123 1246 1172 1443 1003 1974 1215 1640 1294 1009 1275 1901 1366 1159 1097 1809 1550 1613 1706 1874 1028 1501 1590 1305 1010 1399 1308 1371 1836 1015 1984 1155 1880 1256 1823 1295 1977 1093 1937 1451 1713 1231 1149 1696 1133 1920 1536 1651 1842 1001 1037 1515 1093 1582 1007 1976 1883 1742 1811 1017 1148 1061 1011 1099 1620 1518 1398 1672 1642 1520 1286 1369 1704 1200 1548 1458 1156 1380 1231 1020 1581 1508 1571 BCNSPRNW ULIB Ver.6.0+V

เปลี่ยนเป็นภาษาไทย

Change to English
 แสดงรายละเอียดบรรณานุกรม
  กลับหน้าหลัก

Brief Record : Get Marc (ISO 2709) : E-mail record : QR code < ปิดหน้าต่าง
LEADER : 00000nam 2200000uu 4500
001    13399126448
003     ULIB
008    180916s2559||||th 000 0 tha d
020    ^a9786162147241
050    ^aนว^bว177ห
100 0  ^aวรรณวรรธน์
245 10 ^aหนึ่งด้าวฟ้าเดียวกัน เล่ม 2/ ^cวรรณวรรธน์
250    ^aพิมพ์ครั้งที่ 9
260    ^aกรุงเทพฯ : ^bณ บ้านวรรณกรรม, ^c2559
300    ^a342 หน้า ;^c21 ซม
945    ^p540^l0^i26650
999    ^aกัณชพร จุลอักษร
รายการนี้ยังไม่มีแท็ก
คุณยังไม่ได้ล็อกอิน คุณสามารถมีกิจกรรมร่วมกับเว็บไซต์ได้ แต่ต้องล็อกอินก่อน ::
  ล็อกอิน

รายการสื่อสารสนเทศ

ลำดับที่ ประเภท เลขเรียก/บาร์โค้ด สถานที่ สถานะ
1. วิทยาศาสตร์การแพทย์ และสุขภาพ
วิทยาศาสตร์การแพทย์ และสุขภาพ
นว ว177ห ฉ.1 
  Barcode: 26650
ห้องสมุดวิทยาเขตนครสวรรค์
►หนังสือทั่วไป:l:General Books
บนชั้น

รายการใกล้เคียง
    ผู้แต่ง [วรรณวรรธน์]

BibComment


ยังไม่เคยถูกคอมเมนท์

คอมเมนท์ทรัพยากรรายการนี้
  คอมเมนท์: หนึ่งด้าวฟ้าเดีย..


 Copyright 2026. Bcnsprnw @Library